|
|
|
|
| LEADER |
01214nam a2200277Ia 4500 |
| 001 |
EBC3377875 |
| 003 |
MiAaPQ |
| 005 |
20200520144314.0 |
| 006 |
m o d | |
| 007 |
cr cn||||||||| |
| 008 |
040927s2004 dcu s 000 0 eng d |
| 035 |
|
|
|a (MiAaPQ)EBC3377875
|
| 035 |
|
|
|a (Au-PeEL)EBL3377875
|
| 035 |
|
|
|a (CaPaEBR)ebr10075709
|
| 035 |
|
|
|a (OCoLC)883573318
|
| 040 |
|
|
|a MiAaPQ
|c MiAaPQ
|d MiAaPQ
|
| 050 |
|
4 |
|a HD87
|b .S35 2004
|
| 245 |
0 |
0 |
|a Science and technology in U.S. foreign assistance
|h [electronic resource] :
|b interim report to the administrator, U.S. Agency for International Development /
|c Committee on Science and Technology in Foreign Assistance, Development, Security and Cooperation, Policy and Global Affairs.
|
| 260 |
|
|
|a Washington, DC :
|b National Academies Press,
|c c2004.
|
| 300 |
|
|
|a vi, 12 p.
|
| 533 |
|
|
|a Electronic reproduction. Ann Arbor, MI : ProQuest, 2015. Available via World Wide Web. Access may be limited to ProQuest affiliated libraries.
|
| 650 |
|
0 |
|a Economic policy.
|
| 650 |
|
0 |
|a Political planning.
|
| 655 |
|
4 |
|a Electronic books.
|
| 710 |
2 |
|
|a ProQuest (Firm)
|
| 856 |
4 |
0 |
|u https://ebookcentral.proquest.com/lib/matrademy/detail.action?docID=3377875
|z Click to View
|